[Event "Arber op 6th"]
[Site "Bodenmais"]
[Date "2017.08.03"]
[Round "6"]
[White "Matous, Rudolf"]
[Black "Bergmann, Reiner"]
[Result "1-0"]
[WhiteElo "1883"]
[BlackElo "1823"]
[PlyCount "81"]
[EventDate "2017.07.29"]
[EventType "swiss"]
[EventRounds "9"]
[EventCountry "GER"]
[SourceTitle "CBM 179 Extra"]
[Source "ChessBase"]
[SourceDate "2017.08.23"]
[SourceVersion "1"]
[SourceVersionDate "2017.08.23"]
[SourceQuality "1"]

1. e4 d5 2. exd5 Nf6 3. d4 Nxd5 4. Nf3 Bf5 5. Bd3 Bg4 6. 0-0 Nc6 7. c3 e6 8. Nbd2 Be7 9. Qe1 0-0 10. Ne5 Nxe5 11. Qxe5 Bd6 12. Qe4 Bf5 13. Qf3 Bxd3 14. Qxd3 f5 15. Nf3 Nf6 16. Re1 Ne4 17. Qc4 Qf6 18. d5 e5 19. Be3 g5 20. g3 g4 21. Nh4 Rf7 22. Re2 Raf8 23. Rae1 Ng5 24. Bxg5 Qxg5 25. Rxe5 Bxe5 26. Rxe5 Qc1+ 27. Kg2 f4 28. Rg5+ Kh8 29. Qd4+ Rf6 30. Rxg4 f3+ 31. Nxf3 Qxb2 32. Rf4 Qb6 33. Rxf6 Qxf6 34. Ne5 Kg8 35. f4 Qf5 36. Qc4 Kh8 37. Qxc7 Qe4+ 38. Kh3 Qxd5 39. Qe7 Kg8 40. Qg5+ Kh8 41. Ng6+ 1-0

[Event "CZE-chT3A Middle 0506  "]
[Site "Czech Republic"]
[Date "2006.03.05"]
[Round "9.3"]
[White "Baran, Peter"]
[Black "Matous, Rudolf"]
[Result "0-1"]
[WhiteElo "2129"]
[BlackElo "1934"]
[PlyCount "70"]
[EventDate "2005.10.30"]
[EventType "team"]
[EventRounds "11"]
[EventCountry "CZE"]
[SourceTitle "EXT 2009"]
[Source "ChessBase"]
[SourceDate "2008.11.26"]
[SourceVersion "1"]
[SourceVersionDate "2008.11.26"]
[SourceQuality "1"]

1. e4 c5 2. d4 cxd4 3. c3 dxc3 4. Nxc3 d6 5. Nf3 Nf6 6. Bc4 Nc6 7. 0-0 g6 8. Qb3 e6 9. Rd1 Nd7 10. Bg5 Be7 11. Bh6 Nc5 12. Qc2 Bd7 13. Nb5 Qb8 14. b4 a6 15. Na3 Nxe4 16. Qxe4 d5 17. Bxd5 exd5 18. Qxd5 Be6 19. Qd2 Rg8 20. b5 Ne5 21. Bf4 Nxf3+ 22. gxf3 Qd8 23. Qe1 Qb6 24. Nc2 axb5 25. Nd4 g5 26. Be3 g4 27. f4 Qa5 28. Bd2 Qb6 29. f5 Qxd4 30. fxe6 g3 31. exf7+ Kxf7 32. Qe3 gxf2+ 33. Kf1 Qc4+ 34. Qe2 Rg1+ 35. Kxf2 Rg2+ 0-1

[Event "CZE-chT3A Middle 0506  "]
[Site "Czech Republic"]
[Date "2006.01.08"]
[Round "5.3"]
[White "Matous, Rudolf"]
[Black "Vanek, Tomas"]
[Result "0-1"]
[WhiteElo "1934"]
[BlackElo "2130"]
[PlyCount "78"]
[EventDate "2005.10.30"]
[EventType "team"]
[EventRounds "11"]
[EventCountry "CZE"]
[SourceTitle "EXT 2009"]
[Source "ChessBase"]
[SourceDate "2008.11.26"]
[SourceVersion "1"]
[SourceVersionDate "2008.11.26"]
[SourceQuality "1"]

1. e4 e5 2. Nf3 Nc6 3. Bb5 a6 4. Ba4 Nf6 5. 0-0 Be7 6. Re1 b5 7. Bb3 d6 8. h3 Na5 9. c3 Nxb3 10. Qxb3 Bb7 11. d3 0-0 12. c4 Nd7 13. Be3 c6 14. Nc3 Qa5 15. a3 Rab8 16. cxb5 axb5 17. Rac1 Bf6 18. Qc2 b4 19. axb4 Qxb4 20. Na2 Qa5 21. b4 Qa3 22. Ra1 Ra8 23. Nd2 d5 24. Nb3 Qa4 25. Bd2 dxe4 26. dxe4 Rfd8 27. Nac1 Qb5 28. Ra5 Rxa5 29. Nxa5 Be7 30. Nxb7 Qxb7 31. Nd3 Qb5 32. Ra1 Nf6 33. Nc5 Qe2 34. Rd1 Bxc5 35. bxc5 Nxe4 36. Re1 Qxf2+ 37. Kh1 Ng3+ 38. Kh2 Rxd2 39. Rd1 Qxg2# 0-1

[Event "CZE-chT3A Middle 0506  "]
[Site "Czech Republic"]
[Date "2005.11.27"]
[Round "3.3"]
[White "Matous, Rudolf"]
[Black "Palas, Ales"]
[Result "1/2-1/2"]
[WhiteElo "1934"]
[BlackElo "1999"]
[PlyCount "50"]
[EventDate "2005.10.30"]
[EventType "team"]
[EventRounds "11"]
[EventCountry "CZE"]
[SourceTitle "EXT 2009"]
[Source "ChessBase"]
[SourceDate "2008.11.26"]
[SourceVersion "1"]
[SourceVersionDate "2008.11.26"]
[SourceQuality "1"]

1. e4 c5 2. Nf3 d6 3. d4 cxd4 4. Nxd4 Nf6 5. Nc3 a6 6. a4 Nc6 7. Be3 e6 8. Be2 Be7 9. 0-0 0-0 10. Qd2 Qc7 11. f4 Bd7 12. Kh1 Nxd4 13. Bxd4 Bc6 14. e5 Nd7 15. exd6 Bxd6 16. Rad1 Bc5 17. f5 Bxd4 18. Qxd4 exf5 19. Rxf5 Rae8 20. Bf3 Bxf3 21. Rxf3 Ne5 22. Rg3 Ng6 23. Rgd3 Ne5 24. Rg3 Ng6 25. Rgd3 Ne5 1/2-1/2